Tallinn - Choix multiples - Statistiques

Statistiques générales
  • Ce quiz a été pris 1 448 fois
    1 416 depuis la dernière actualisation
  • Le résultat moyen est 6 sur 10
Statistiques - réponses
Question Réponse % Correct
Sur quelle mer Tallinn se situe-t-elle ? La mer Baltique
95%
Quel logiciel dont la commercialisation a cessé en 2025 a été créé à Tallinn en 2003 ? Skype
82%
Quelle ville se trouve à environ deux heures de ferry de Tallinn ? Helsinki
79%
Qu'est-ce que le Kadriog ? Les trois à la fois
73%
Sous quelle domination Tallinn ne passa-t-elle jamais au cours de son histoire ? Française
65%
Laquelle de ces portes fait partie des fortifications de la vieille ville de Tallinn ?
61%
Qui est Kaja Kallas, née à Tallinn en 1977 ? Une femme politique qui fut première ministre estonienne et cheffe de la diplomatie européenne
60%
Quel est le principal ingrédient du marzipan (massepain), spécialité culinaire tallinnoise auquel un musée de la vieille ville est consacré ? La pâte d'amande
55%
Quelle révolution débuta dans un festival tallinnois en juin 1988 avant de se propager à d'autres pays ? La révolution chantante
50%
Quel nom la ville portait-elle jusqu'en 1918 ? Réval
26%
Aucun quiz correspondant
Distribution des résultats
% des personnes avec chaque résultat
Percentile par nombre de réponses
Votre historique - résultats
Vous n’avez pas pris ce quiz depuis la dernière actualisation